LEADER 01843cmm1 2200481 450 001 990003110580203316 005 20140917121406.0 010 $a978-88-452-5989-0 035 $a000311058 035 $aUSA01000311058 035 $a(ALEPH)000311058USA01 035 $a000311058 100 $a20080523d2007----km-y0itay50------ba 101 0 $aita 102 $aIT 105 $a||||||||001yy 200 1 $a<> nozze nascoste, o La primavera di Sandro Botticelli$fGiovanni Reale$a<> nozze nascoste, o La primavera di Sandro Botticelli$fElisabetta Sgarbi 210 $aMilano$cBompiani$d2007 215 $a1 volume, 1 DVD$din contenitore, 25 cm 300 $aTitolo del contenitore 463 \1$1001990003110570203316$12001 $a<> nozze nascoste, o La primavera di Sandro Botticelli 463 \1$1001990003110600203316$12001 $a<> nozze nascoste, o La primavera di Sandro Botticelli$enell'ottica dell'Umanesimo fiorentino 604 0$aBotticelli, Sandro . Primavera$2BNCF 676 $a759.5 700 1$aREALE,$bGiovanni$f<1931-2014> $0159977 702 1$aSGARBI,$bElisabetta 801 0$aIT$bsalbc$gISBD 912 $a990003110580203316 951 $aXII.2.B. 1367$bL.M.$cXII.2. 959 $aBK 969 $aUMA 979 $aGIUSY$b90$c20080523$lUSA01$h1036 979 $aGIUSY$b90$c20080523$lUSA01$h1037 979 $aGIUSY$b90$c20080523$lUSA01$h1100 979 $aGIUSY$b90$c20080523$lUSA01$h1114 979 $aANNAMARIA$b90$c20080606$lUSA01$h1202 979 $aANNAMARIA$b90$c20080606$lUSA01$h1244 979 $aGIUSY$b90$c20081010$lUSA01$h1257 979 $aANNAMARIA$b90$c20091221$lUSA01$h1331 979 $aANNAMARIA$b90$c20140917$lUSA01$h1214 979 $aANNAMARIA$b90$c20141028$lUSA01$h1318 996 $aNozze nascoste, o La primavera di Sandro Botticelli$91020722 997 $aUNISA LEADER 01095cam2-2200373---450- 001 990004352070403321 005 20091021094906.0 035 $a000435207 035 $aFED01000435207 035 $a(Aleph)000435207FED01 035 $a000435207 100 $a19990604d1971----km-y0itay50------ba 101 0 $aita 102 $aIT 105 $ay-------001yy 200 1 $a<>costruzione del Partito comunista, 1923-1926$fAntonio Gramsci 205 $a2. ed. 210 $aTorino$cEinaudi$dİ1971 215 $aXV, 565 p.$d22 cm 461 0$1001000704687$12001$aOpere di Antonio Gramsci$v12 610 0 $aPartito comunista italiano$a1923-1926 676 $a324.245 075$v21$zita 700 1$aGramsci,$bAntonio$f<1891-1937>$0118233 801 0$aIT$bUNINA$gRICA$2UNIMARC 901 $aBK 912 $a990004352070403321 952 $aSDI-2KS 162$bs.i.$fSDI 952 $aXI F G 4 (10)$fDFD 952 $a324.24 GRA 1$bI.st.r.c.5183$fFLFBC 959 $aFLFBC 959 $aDFD 959 $aSDI 996 $aCostruzione del Partito comunista, 1923-1926$9540247 997 $aUNINA